00000000nam##2200000za#4500
0019.661197
003CaOODSP
00520200401081151
007ta
008150407|2000||||xxc|||||     f|0| 0 eng|d
020 |a0-662-28018-0
040 |aCaOODSP|beng
041 |aeng
041 |afre
043 |an-cn---
0861 |aSW21-40/2000
1101 |aCanada. |bStatus of Women Canada.
24514|aThe 1996 Census unpaid work data evaluation study / |cby Leroy O. Stone and Sandra Swain.
260 |aOttawa - Ontario : |bStatus of Women Canada |c2000.
300 |aEnglish text, 40p. : |bgraphs, tables ; |c28 cm.
500 |anull
504 |aBibliography.
546 |aBilingual
563 |aSoftcover
590 |a01-26|b2001-06-29
69007|aUnpaid work|2gcpds
69007|aHome economics|2gcpds
69007|aStatus of women|2gcpds
69007|aCensus data|2gcpds
7201 |aStone, Leroy
7201 |aSwain, Sandra
7760#|tÉtude d'évaluation des données du recensement de 1996 relatives au travail non rémunéré / |w(CaOODSP)9.632854
7760#|tThe 1996 Census unpaid work data evaluation study / |w(CaOODSP)9.688430
792 |tÉtude d'évaluation des données du recensement de 1996 relatives au travail non rémunéré / |efre|w(CaOODSP)9.661198